Farthest Drivable Country on the Same Side of the Road - Statistics

General Stats
  • This quiz has been taken 49 times
  • The average score is 6 of 8
Answer Stats
Starting Country Farthest Country % Correct
United Kingdom Ireland
98%
Canada Panama
87%
Colombia Chile
70%
Suriname Guyana
70%
Thailand Malaysia
70%
Bangladesh Pakistan
66%
South Africa Kenya
55%
Angola Russia
47%
No matching quizzes found
Score Distribution
Percent of People with Each Score
Percentile by Number Answered
Your Score History
You have not taken this quiz